Barcelona czy Real Madryt - Statystyki

Ogólne statystyki
  • Ten quiz został rozwiązany 183 razy
  • Średni wynik to 3 z 6
Statystyki odpowiedzi
Zagadnienie Odpowiedź % Poprawnych
Vinicius jr. czy Lamine Yamal Yamal
76%
Robert Lewandowski czy Kylian Mbappe Lewy
75%
Judę Bellingham czy Dani Olmo Jude
71%
Leo Messi czy Cristiano Ronaldo Messi
66%
Wojciech Szczęsny czy Thibaut Courtois Szczęsny
50%
Wybieram klub: (z jednego prostego powodu) Znicz Pruszków
7%
Nie znaleziono quizów pasujących do podanych kryteriów
Rozkład punktacji
Procent ludzi z każdym wynikiem
Percentyl według liczby udzielonych odpowiedzi
Twoja historia wyników
Nie rozwiązałeś tego quizu